000 00757cam a2200277Ma 4500
001 91247
005 20230411090049.0
008 060925s2004 nyu b 000 0 eng d
010 _a 2002156445
035 _a(OCoLC)ocn318367519
040 _aZZAND
_bspa
_cZZAND
020 _a0393325555
020 _a9780393325553
035 _a(OCoLC)318367519
082 0 4 _a303.625
_bB265
_221
049 _aGRAL
100 1 _aBerman, Paul.
245 1 0 _aTerror and liberalism /
_cPaul Berman.
260 _aNew York ;
_aLondon :
_bNorton,
_c2004.
300 _axxi, 220 p. ;
_c22 cm.
504 _aIncluye referencias bibliograficas (p. 211-214) e indice.
650 1 7 _aTerrorismo.
650 1 7 _aLiberalismo.
942 _2lcc
_cbk
994 _aC0
_bDRFGD
999 _c111842
_d111842